| 000 | 00749cam a22002654a 4500 | ||
|---|---|---|---|
| 001 | 13348675 | ||
| 005 | 20180125073142.0 | ||
| 008 | 030922s2005 ohua b 001 0 eng | ||
| 010 | _a 2003113097 | ||
| 020 | _a0324206747 (hbk.) | ||
| 020 | _a0324225253 (intl. student ed.) | ||
| 035 | _a(DLC) 2003113097 | ||
| 040 |
_aDLC _cDLC _dDLC |
||
| 041 | _aeng | ||
| 042 | _apcc | ||
| 080 | _a657 jame | ||
| 082 | 0 | 0 |
_a657 jame _222 |
| 100 | _a62 | ||
| 101 | _akon | ||
| 245 | 0 | 0 |
_aFinancial accounting / _cW. Steve Albrecht ... [et al.]. |
| 504 | _aIncludes bibliographical references and index. | ||
| 906 |
_a7 _bcbc _corignew _d2 _eepcn _f20 _gy-gencatlg |
||
| 942 |
_2ddc _cBK |
||
| 999 |
_c40944 _d40944 |
||